How many Taiwanese cities/counties do you know? - Statistics

General Stats
  • This quiz has been taken 273 times
  • The average score is 9 of 18
Answer Stats
Answer % Correct
Taipei
100%
Tainan
76%
Kaohsiung
72%
Taichung
72%
Hualien
57%
Taoyuan
57%
New Taipei
54%
Hsinchu
49%
Yilan
47%
Keelung
45%
Chiayi
43%
Miaoli
42%
Pingtung
41%
Nantou
39%
Penghu
36%
Kinmen
34%
Yunlin
31%
Matsu
18%
No matching quizzes found
Score Distribution
Percent of People with Each Score
Percentile by Number Answered
Your Score History
You have not taken this quiz